All Wrestlemania Main Event Winners - Statistics

General Stats
  • This quiz has been taken 133 times
  • The average score is 38 of 43
Answer Stats
Wrestlemaina The Mainevent winner % Correct
Wrestlemaina 13 The Undertaker
97%
Wrestlemaina XXlV The Undertaker
97%
Wrestlemaina 36 Night 1 The Undertaker
97%
Wrestlemaina 32 Roman Reigns
96%
Wrestlemaina 33 Roman Reigns
96%
Wrestlemaina 37 Night 2 Roman Reigns
96%
Wrestlemaina 38 Night 2 Roman Reigns
96%
Wrestlemaina 39 Night 2 Roman Reigns
96%
Wrestlemaina ll Hulk Hogan
95%
Wrestlemaina lll Hulk Hogan
95%
Wrestlemaina V Hulk Hogan
95%
Wrestlemaina Vll Hulk Hogan
95%
Wrestlemaina Vlll Hulk Hogan
95%
Wrestlemaina lX Hulk Hogan
95%
Wrestlemaina 22 John Cena
95%
Wrestlemaina 23 John Cena
95%
Wrestlemaina 29 John Cena
95%
Wrestlemaina XlV Steve Austin
95%
Wrestlemaina XV Steve Austin
95%
Wrestlemaina X-SEVEN Steve Austin
95%
Wrestlemaina 38 Night 1 Steve Austin
95%
Wrestlemaina XXVlll The Rock
94%
Wrestlemaina XlX Brock Lesnar
93%
Wrestlemaina 34 Brock Lesnar
93%
Wrestlemaina 31 Seth Rollins
92%
Wrestlemaina 2000 TripleH
91%
Wrestlemaina X8 TripleH
91%
Wrestlemaina XXV TripleH
91%
Wrestlemaina Xll Shawn Michaels
88%
Wrestlemaina XXVI Shawn Michaels
88%
Wrestlemaina XXX Daniel Bryan
85%
Wrestlemaina XXVll The Miz
84%
Wrestlemaina X Bret Hart
82%
Wrestlemaina 35 Becky Lynch
81%
Wrestlemaina 36 Nigh 2 Drew Mcintyre
81%
Wrestlemaina lV Randy Savage
80%
Wrestlemaina 21 Batista
77%
Wrestlemaina 37 Night 1 Bianca Belair
77%
Wrestlemaina XX Chris Benoit
77%
Wrestlemaina Vl The Ultimate Warrior
75%
Wrestlemaina l Hulk Hogan, Mr.T
73%
Wrestlemaina 39 Night 1 Kevin Owens, Sami Zayn
68%
Wrestlemaina Xl Lawrence Taylor
42%
No matching quizzes found
Score Distribution
Percent of People with Each Score
Percentile by Number Answered
Your Score History
You have not taken this quiz